000 00360 a2200169 4500
001 184356
020 _a85-02-01828-0
040 _cMagnum
100 _aAlbergaria, Lino de
240 1 0 _aCaderno de segredos
_lpor
245 1 0 _aCaderno de segredos
300 _a71
362 0 _a1999
440 1 _aSaraiva
697 _aLITERATURA JUVENIL
942 _cBK
999 _c184356
_d184356